| 000 | 00877nam a2200217 a 4500 | ||
|---|---|---|---|
| 001 | 59650 | ||
| 003 | BD-RjUL | ||
| 005 | 20211209080744.0 | ||
| 008 | 161226s1935 enk 001 0 eng d | ||
| 035 | _a(BD-RjUL)59774 | ||
| 040 |
_aANL _beng _cANL _dBD-RjUL |
||
| 041 | _aeng | ||
| 082 | 1 | 4 |
_a332.64294 _223 _bRYA 1935 |
| 100 | 1 |
_aRydge, N. B. _q(Norman Bede), _d1900- _9177490 |
|
| 245 | 1 | 4 |
_aThe Australian stock exchange : _bbeing an explanation of the functions of the Australian stock exchanges, a consideration of the principles involved in speculation and investment, and a commentary upon the essential features involved in the selection of sound investments / _cby Norman Bede Rydge. |
| 260 |
_aSydney : _bRydge's Business Journal, _c1935 |
||
| 300 |
_a144 p. ; _c22 cm. |
||
| 500 | _aIncludes index. | ||
| 650 | 0 |
_aStock exchanges _zAustralia. _9177491 |
|
| 942 |
_2ddc _cBK |
||
| 999 |
_c59650 _d59650 |
||